Riconosci il Pokémon - Quiz n°381 - Statistics

Statistiche generali
  • Questo quiz è stato fatto 1 volte
  • Il punteggio medio è 5 su 10
Statistiche sulle risposte
Indizio Risposta % Corretto
Sesso 50% ♂, 50% ♀
100%
Tipo Drago / Volante
100%
Abilità Prepotenza; Arroganza; Pellecielo (Megaevoluzione)
100%
Stadio evoluzione Seconda evoluzione
100%
Generazione Terza
100%
Peso 102,6 kg; 112,6 kg (Megaevoluzione)
0%
Altezza 1,5 m; 1,8 m (Megaevoluzione)
0%
Tasso di cattura 45 (11.9%)
0%
Tasso di allevamento Lento
0%
Pokémon Salamence
0%
Nessun quiz corrispondente trovato
Distribuzione punteggi
Percentuale di utenti per punteggio
Percentile per numero di risposta
I tuoi punteggi nel tempo
Non hai fatto questo quiz